| 000 | 00948akm a2200361a 44500 | ||
|---|---|---|---|
| 008 | 960116s1992 cat | ||
| 017 | _aM-37876-1992 | ||
| 041 | _acat | ||
| 080 | _a504.54(460.31)(038) | ||
| 110 |
_aValència. Generalitat. Conselleria de Medi Ambient. _964892 |
||
| 245 | _aParc natural del Montgó | ||
| 245 | _cValència. Generalitat. Conselleria de Medi Ambient. | ||
| 245 | _h[cartell] | ||
| 260 | _a[València] | ||
| 260 | _bGeneralitat Valenciana. Conselleria de Medi Ambient | ||
| 260 | _c1992 | ||
| 300 | _bil. | ||
| 500 | _aSinònims | ||
| 520 | _a11 | ||
| 522 | _aEl Montgó | ||
| 591 | _a3786 | ||
| 592 | _aObra terminològica | ||
| 593 | _aDF | ||
| 593 | _aDM | ||
| 594 | _a3786 | ||
| 650 |
_abotànica _961048 |
||
| 650 |
_aecologia _961698 |
||
| 901 | _cDL <1992> | ||
| 902 | _a960116 | ||
| 942 |
_cMO _n0 |
||
| 999 |
_c54038 _d54038 |
||